| 000 | 00607nam a22002297a 4500 | ||
|---|---|---|---|
| 003 | OSt | ||
| 005 | 20140310181742.0 | ||
| 008 | 130129t xxu||||| |||| 00| 0 eng d | ||
| 020 | _a9789715848954 | ||
| 050 |
_aBC 71 _bB114 2009 |
||
| 082 |
_aFIL 160 _bB114 2009 |
||
| 245 |
_aLogic : _bthe philosophical discipline of correct thinking / _cBabor,Eddie R. |
||
| 260 |
_aManila : _bC & E Publishing, _c2009 |
||
| 300 |
_a182 p. ; _c22 cm |
||
| 521 | _aCollege | ||
| 526 | _c1210L-1700L | ||
| 541 | _j1 | ||
| 541 | _j2 | ||
| 541 | _j3 | ||
| 562 | _e3 | ||
| 942 |
_2lcc _cBK-FIL _kFIL |
||
| 999 |
_c2841 _d2841 |
||